000
00306nam a2200133Ia 4500
008
220613s9999||||xx |||||||||||||| ||und||
100
_a
T M ROBERSON
245
0
_a
STUREVANT ART AND SCIENCE OF OPRATIVE DENTISTRY
250
_a
5TH
260
_b
MOSBY
300
_a
1006
650
_a
Dental
942
_c
SURG
999
_c
8276
_d
8276